MDQL
is popping MORE tags! Check the
thread
!
Quizzes
Events
Quiz Creation
Community
Videos
Private Events
Remove Ads
Sign In
Join for FREE
Feedback
Dark Mode
Quiz Categories
Sports
Geography
Music
Movies
Television
Just For Fun
Miscellaneous
History
Literature
Language
Science
Gaming
Entertainment
Religion
Holiday
For Kids
Quiz Lab
Recent
Popular Today
Quiz Kudos Today
Editor Picks
Curator Picks
Quizzes by...
Day
Popularity
Type
Ratings
Length
Year
Community
Subscriptions
Recent Discussions
Orange Saloon
Badges
Playlists
Quests
Create
Leaderboards
Showdown
Live 5
Trivia Bingo
Activity
Puzzle Library
Sporcle Events
Private Events
Virtual Trivia
Globe League
Become a Host
Pub Owners
SporcleCon
Opinionation
Our Games
Videos
Blog
Mobile Apps
Partnerships
Remove Ads and Go Orange
Feedback
Sports
Athletes
MLB
NBA
NHL
NFL
Soccer
Sports Teams
WWE
NCAA
Football
Premier League
Basketball
Baseball
Hockey
Golf
Tennis
Cricket
Rugby
Auto Racing
Olympics
World Cup
Sports
Athletes
MLB
NBA
NHL
NFL
Soccer
Sports Teams
WWE
NCAA
Football
Premier League
Basketball
Baseball
Hockey
Golf
Tennis
Cricket
Rugby
Auto Racing
Olympics
World Cup
Random Quiz
Search Sporcle
×
Quiz Lab
Quiz Lab
Sports
WWE
Type in answers that appear in a list
Type in answers that appear in a list
Classic
Best Score? Go Orange.
Inaugural WWE Champions Stats
Can you name the WWE wrestlers that were the first to win a championship?
By
cp420music
8m
32 Questions
310 Plays
310 Plays
310 Plays
Comments
Comments
Give Quiz Kudos
Give Quiz Kudos
-
- Ratings
hide this ad
More Info
Forced Order
Answers have to be entered in order
Answers have to be entered in order
Replay
Link that replays current quiz
Next Quiz
Link to next quiz in quiz playlist
You Got
0%
They Got
Avg Score
52%
Avg Friend Score
Upgrade to see
Score Distribution
Jump to the score distribution portion of the page
Score
0/32
Timer
08:00
0
Plays Today
Championship
Wrestler
% Correct
Universal Championship
Finn Bálor
95.8%
Raw Women's Championship
Charlotte Flair
90.3%
SmackDown Women's Championship
Becky Lynch
89.7%
WWE Championship
Buddy Rogers
89%
Intercontinental Championship
Pat Patterson
88.4%
NXT Championship
Seth Rollins
82.9%
NXT Cruiserweight Championship
TJ Perkins
79.4%
NXT Women's Championship
Paige
78.1%
World Heavyweight Championship
Triple H
77.1%
Women's Tag Team Championship
The Boss 'N' Hug Connection (Sasha Banks and Bayley)
73.2%
Million Dollar Championship
Ted DiBiase
72.9%
SmackDown Tag Team Championship
Heath Slater & Rhyno
72.6%
NXT United Kingdom Championship
Tyler Bate
72.3%
NXT North American Championship
Adam Cole
67.4%
Divas Championship
Michelle McCool
65.5%
Hardcore Championship
Mankind
62.9%
Championship
Wrestler
% Correct
United States Championship
Harley Race
62.6%
NXT UK Women's Championship
Rhea Ripley
61.3%
Women's Championship
The Fabulous Moolah
61%
European Championship
The British Bulldog
58.7%
NXT Women's Tag Team Championship
Dakota Kai & Raquel González
57.1%
24/
7 Championship
Titus O'Neil
56.3%
WCW Championship
Ric Flair
55.8%
Raw Tag Team Championship
Kurt Angle & Chris Benoit
49.7%
ECW Championship
Shane Douglas
48.7%
Light Heavyweight Championship
Taka Michinoku
44.8%
NXT Tag Team Championship
British Ambition (Adrian Neville & Oliver Grey)
43.2%
NXT UK Heritage Cup
A-Kid
39.3%
NXT UK Tag Team Championship
James Drake & Zack Gibson
36.1%
Cruiserweight Championship
Brian Pillman
34.5%
World Tag Team Championship
Luke Graham & Tarzan Tyler
21%
Women's Tag Team Championship
Velvet McIntyre & Princess Victoria
8.6%
Quiz Playlist
Details
Report
Send in Message
Add To Playlist
More Info:
For any help with distinction between Championships, check the 'Years Active' column.
Classic:
Type in answers that appear in a list
Forced Order:
Answers have to be entered in order
Quiz Source
Last Updated: Sep 23, 2017
Quiz Scoreboard
CHALLENGE
Sign Up to Join the Scoreboard
Show All
Scores
Hide
Comments
May contain spoilers
Recently Published
Two Season TV Shows II
by 123Four
Television
10m
Image Sorting: Flags VI
by Barbecue
Geography
2m
Find the 'City' Movie
by crazypaving
Movies
60s
More to Explore
Quiz From the Vault
Featured Blog Post
14 Easter Pick-up Lines to Find Eggs With
hide this ad
You Might Also Like...
Tags
WWE Quiz
WWE Champions
WWF
WWF Champions
Today's Top Quizzes in Sports
Browse Sports
hide this ad
Today's Top Quizzes in WWE
Browse WWE
Top Contributed Quizzes in Sports
1
Les meilleurs buteurs des matchs entre le PSG et l’OM
2
Les entraîneurs de l'OM et du PSG au 21e siècle
3
2022 World Cup Stars
4
Les joueurs passés par le PSG et l'OM
5
Players with Multiple 50 Home Run Seasons
6
FIFA Club World Cup Champions
7
Criteria MLB: Left Handed Sluggers
8
Les joueurs passés par le LOSC et le RC Lens
9
Top 10 NHL Goal Scorers of All Time
10
MLB Players with Two .350 Batting Average Seasons
Explore More
Trending Topics
Anime
NBA
Kpop
Marvel
Crossword
Harry Potter
Disney
Song
Country
Pokémon
Puzzle
WWE
NFL
Soccer
The Office
hide this ad
More By:
cp420music
Quiz
Plays
Rating
Category
Featured
Created
WWE Big 4 PPV Opponents of The Undertaker
120,552
4.35
Sports
Sep 4, 2014
WWE Big 4 PPV Opponents of Chris Jericho
12,000
4.94
Sports
Sep 20, 2014
WWE WrestleMania Champions
10,591
4.78
Sports
Aug 26, 2014
WWE Big 4 PPV Opponents of Brock Lesnar
9,492
4.65
Sports
Nov 11, 2014
WWE Big 4 PPV Opponents of Edge
8,619
4.40
Sports
Sep 6, 2014
Go to Creator's Profile
Score Distribution
Quiz Creator Spotlight
cp420music
Follow
Send a Message
Quizzes Created
-
Created Quiz Play Count
-
More By This Creator
Popular Quizzes Today
1
Find the US States - No Outlines Minefield
2
Colored Red Africa Blitz
3
Find the 'City' Movie
4
5x2 Blitz: Bands
5
The Countries of the World
6
Find the Countries of Europe - No Outlines Minefield
7
Find the US States
8
US States
More Sports Quizzes
Progressively Longer Everton Players
Quiz Lab
Trending Quizzes
Colored Red Europe Blitz I
Colored Red Africa Blitz II
Colored Red Europe Blitz II
Colored Red Africa Blitz III
Colored Red Europe Blitz III
Recently Updated
How Do You Spell That?
pecheneg
Godzilla Movies
pecheneg
Grab Bag: 4-10 Letters
pecheneg
2024 March Madness Bracket
pecheneg
Famous TV Couples
Peacemaker
Champions League XIs: Real Madrid
pecheneg
Largest US Cities 1790-2010
pecheneg
Rides in Walt Disney World
pecheneg
Most Oscar Losses (Acting)
pecheneg
Beyoncé Albums
pecheneg
Trending Topics
Marvel
Disney
Anime
Crossword
Harry Potter
NBA
Kpop
NFL
Pokémon
WWE
Song
Soccer
Country
Puzzle
The Office
Your Account Isn't Verified!
In order to create a playlist on Sporcle, you need to verify the email address you used during registration. Go to your
Sporcle Settings
to finish the process.
Report this User
Report this user for behavior that violates our
Community Guidelines
.
Details:
Send Report
Go to the Sporcle.com Mobile Site →
Comments